Crisis bancaria y nivel de capitalización (Registro nro. 18375)
[ vista simple ]
| 000 -LEADER | |
|---|---|
| fixed length control field | 00398 a2200109 4500 |
| 001 - CONTROL NUMBER | |
| control field | ART_42725 |
| 005 - DATE AND TIME OF LATEST TRANSACTION | |
| control field | 20260410161737.0 |
| 008 - FIXED-LENGTH DATA ELEMENTS--GENERAL INFORMATION | |
| fixed length control field | 260409a |
| 100 1# - MAIN ENTRY--PERSONAL NAME | |
| Personal name | Ribas, Armando P. |
| 245 10 - TITLE STATEMENT | |
| Title | Crisis bancaria y nivel de capitalización |
| 773 0# - HOST ITEM ENTRY | |
| Title | Ejecutivos de finanzas |
| Related parts | Pymes: la obtención de financiamiento en el mercado de capitales - Año 12, Nº 127 (jul. 1996) |
| Record control number | REV2863 |
No hay ítems disponibles.